| 000 | 00374nam a2200133Ia 4500 | ||
|---|---|---|---|
| 008 | 230413s9999||||xx |||||||||||||| ||und|| | ||
| 020 | _a9789351160328 | ||
| 082 |
_a650.1 _bK1682 |
||
| 100 | _aKantha, Sharmila | ||
| 245 | 4 | _aThe big leap: how indian companies leveraged reforms for success | |
| 260 |
_aNoida _bHarper Vantage _c2013 |
||
| 300 | _axvi, 266 p. | ||
| 942 | _cBK | ||
| 999 |
_c26297 _d26297 |
||